000 00967nam a2200265Ia 4500
003 OSt
005 20221005111242.0
006 a|||||r|||| 00| 0
007 ta
008 221004b |||||||| |||| 00| 0 hin d
020 _a8181435184 (hbk)
_c250
024 _a104221
037 _b372, 17/02/2011, Vani Prakashan
_cTextual
040 _aCRL
_cCRL
_bhin
041 _2hin
_ahin
082 _aR3xN30:g, 152P6
100 _aपचौरी, सुधीश
245 0 _aदेरिदा
_b विखण्डन की सिद्धान्तिकी
246 _aDeridā: vikhaṇḍan kī siddhāntikī
260 _aनई दिल्ली
_bवाणी प्रकाशन भारत
_c2006
300 _a197पृ0
_ccm.
650 _aहिन्दी साहित्य
942 _hR3xN30:g, 152P6
_cTEXL
_2cc
999 _c1021274
_d1021274